| 000 | 00683nam a22002055i 4500 | ||
|---|---|---|---|
| 001 | 157409 | ||
| 003 | ES-MaACL | ||
| 005 | 20230906210659.0 | ||
| 008 | 040823q18651900fr |||| | fre d | ||
| 040 |
_aCAM _bspa _cCAM |
||
| 100 | 1 |
_aLeconte de Lisle, Charles-Marie ( _d1818-1894) _971108 |
|
| 245 | 1 | 0 |
_aDerniers poèmes / _cLeconte de Lisle. |
| 260 |
_aParis : _bAlphonse Lemerre, éditeur, _c[s.a.] |
||
| 300 |
_a315 p. ; _c16 cm. |
||
| 490 | 1 | _aOeuvres de Leconte de Lisle | |
| 596 | _aEl editor ejerce ca. 1865-1900. | ||
| 830 | 0 |
_aOeuvres de Leconte de Lisle _9188114 |
|
| 852 |
_aES-MaACL _jF-9142 _z-- Enc. hol., conservando la cub. original |
||
| 999 |
_c157409 _d157409 |
||